معرض الاحتفال بالعيد المئوى فى المتحف المصرى بالقاهرة
محفوظ في:
مؤلف مشترك:
التنسيق: كتاب
اللغة: Undetermined
منشور في:
Cairo
jameiat altanqib ean alathar almisria
1982
الوسوم: إضافة وسم
لا توجد وسوم, كن أول من يضع وسما على هذه التسجيلة!
رقم الطلب: A80 EES
| LEADER | 00439nam a2200121Ia 4500 | ||
|---|---|---|---|
| 008 | 240404s9999||||xx |||||||||||||| ||und|| | ||
| 050 | 4 | |a A80 EES | |
| 110 | 0 | |a جمعية التنقيب عن الآثار المصرية. | |
| 245 | 1 | 0 | |a معرض الاحتفال بالعيد المئوى فى المتحف المصرى بالقاهرة |
| 264 | 1 | |a Cairo |b jameiat altanqib ean alathar almisria |c 1982 | |
| 300 | |a 15 |c 30 | ||
| 942 | |2 lcc |c BK | ||
| 999 | |c 58036 |d 58036 | ||
